[Event "World ol U16"]
[Site "Corum"]
[Date "2019.11.05"]
[Round "9.19"]
[White "Lee, Care Greene"]
[Black "Laohawirapap, Prin"]
[Result "1-0"]
[WhiteElo "1950"]
[BlackElo "1774"]
[PlyCount "107"]
[EventDate "2019.10.29"]
[EventType "team-swiss"]
[EventRounds "9"]
[EventCountry "TUR"]
[SourceTitle "CBM 192 Extra"]
[Source "Chessbase"]
[SourceDate "2019.11.06"]
[SourceVersion "1"]
[SourceVersionDate "2019.11.06"]
[SourceQuality "1"]
[WhiteTeam "Malaysia"]
[BlackTeam "Thailand"]
[WhiteTeamCountry "MAS"]
[BlackTeamCountry "THA"]

1. e4 c6 2. d4 d5 3. Nd2 dxe4 4. Nxe4 Bf5 5. Ng3 Bg6 6. h4 h6 7. Nf3 Nd7 8. h5 Bh7 9. Bd3 Bxd3 10. Qxd3 e6 11. Bd2 Ngf6 12. 0-0-0 Be7 13. Kb1 0-0 14. Ne4 Nxe4 15. Qxe4 Nf6 16. Qe2 Qd5 17. Be3 Bd6 18. c4 Qf5+ 19. Ka1 Rfd8 20. Nh4 Qg4 21. f3 Qxh5 22. Qe1 Bc7 23. b4 g5 24. Nf5 Bh2 25. g4 Qh3 26. Qf2 exf5 27. Rxh2 Nxg4 28. Rxh3 Nxf2 29. Bxf2 Rd6 30. f4 Re8 31. fxg5 hxg5 32. Re3 Rxe3 33. Bxe3 f4 34. Bc1 Kg7 35. Kb2 Kg6 36. Kc3 Kf5 37. Kd3 g4 38. Rf1 f3 39. Be3 Rd8 40. a4 Rd6 41. b5 Rd8 42. bxc6 bxc6 43. Rb1 g3 44. Rb7 f6 45. Rg7 Rb8 46. Rxg3 Rb3+ 47. Kd2 Rb2+ 48. Kc3 Ra2 49. Rxf3+ Ke4 50. Kb3 Ra1 51. Rh3 Rb1+ 52. Kc3 Ra1 53. Kb4 Rb1+ 54. Kc5 1-0

[Event "World ol U16"]
[Site "Corum"]
[Date "2019.11.03"]
[Round "6.13"]
[White "Can, Isik"]
[Black "Lee, Care Greene"]
[Result "1-0"]
[WhiteElo "2361"]
[BlackElo "1950"]
[PlyCount "57"]
[EventDate "2019.10.29"]
[EventType "team-swiss"]
[EventRounds "9"]
[EventCountry "TUR"]
[SourceTitle "CBM 192 Extra"]
[Source "Chessbase"]
[SourceDate "2019.11.06"]
[SourceVersion "1"]
[SourceVersionDate "2019.11.06"]
[SourceQuality "1"]
[WhiteTeam "Turkey Red"]
[BlackTeam "Malaysia"]
[WhiteTeamCountry "TUR"]
[BlackTeamCountry "MAS"]

1. e4 c5 2. Nf3 d6 3. d4 cxd4 4. Nxd4 Nf6 5. Nc3 a6 6. Be3 e5 7. Nb3 Be6 8. h3 Nbd7 9. f4 Rc8 10. Qf3 exf4 11. Bxf4 Be7 12. 0-0-0 Qc7 13. g4 Ne5 14. Qg2 b5 15. Kb1 Nc4 16. Nd5 Bxd5 17. exd5 a5 18. Nd4 Qc5 19. Bxc4 Qxc4 20. Rhe1 Kd7 21. g5 Nxd5 22. Nf5 Rc5 23. Nxe7 Nxf4 24. Qb7+ Rc7 25. Rxd6+ Kxd6 26. Nf5+ Kc5 27. Qxc7+ Kb4 28. Qd6+ Qc5 29. Re4# 1-0

[Event "World ol U16"]
[Site "Corum"]
[Date "2019.11.03"]
[Round "7.15"]
[White "Lee, Care Greene"]
[Black "Deng, Jing Xin Crystal"]
[Result "1-0"]
[WhiteElo "1950"]
[BlackElo "1944"]
[PlyCount "113"]
[EventDate "2019.10.29"]
[EventType "team-swiss"]
[EventRounds "9"]
[EventCountry "TUR"]
[SourceTitle "CBM 192 Extra"]
[Source "Chessbase"]
[SourceDate "2019.11.06"]
[SourceVersion "1"]
[SourceVersionDate "2019.11.06"]
[SourceQuality "1"]
[WhiteTeam "Malaysia"]
[BlackTeam "Hong Kong"]
[WhiteTeamCountry "MAS"]
[BlackTeamCountry "HKG"]

1. e4 c5 2. Nf3 Nc6 3. Bb5 g6 4. Bxc6 dxc6 5. d3 Bg7 6. h3 Nf6 7. Nc3 Nd7 8. Be3 e5 9. Qd2 h6 10. 0-0 b6 11. Nh2 Nf8 12. a4 Ne6 13. a5 Rb8 14. axb6 axb6 15. f4 exf4 16. Bxf4 Nxf4 17. Qxf4 Rb7 18. Nf3 Be6 19. e5 0-0 20. Ne4 g5 21. Qe3 Rc7 22. Ra6 Rc8 23. b4 cxb4 24. Rxb6 Qe7 25. Nd6 Rc7 26. Rxb4 f5 27. exf6 Bxf6 28. Re4 Qxd6 29. Rxe6 Qd5 30. Qe4 Qxe4 31. Rxe4 Re7 32. Rxe7 Bxe7 33. Re1 Bf6 34. Re6 c5 35. Rc6 Bd4+ 36. Nxd4 cxd4 37. Rxh6 Kg7 38. Rd6 Rc8 39. Rxd4 Rxc2 40. Rd6 Kf7 41. Kh2 Rd2 42. Kg3 Kg7 43. Kf3 Kf7 44. d4 Kg7 45. g3 Rd3+ 46. Kg4 Kf7 47. Rd5 Ke6 48. Re5+ Kd6 49. Rxg5 Rxd4+ 50. Kh5 Ke6 51. g4 Kf6 52. h4 Rd8 53. Rg6+ Kf7 54. Ra6 Rd5+ 55. g5 Rc5 56. Kh6 Kf8 57. Kg6 1-0

[Event "World ol U16"]
[Site "Corum"]
[Date "2019.10.31"]
[Round "4.13"]
[White "Vujovic, Savo"]
[Black "Lee, Care Greene"]
[Result "1-0"]
[WhiteElo "2040"]
[BlackElo "1950"]
[PlyCount "69"]
[EventDate "2019.10.29"]
[EventType "team-swiss"]
[EventRounds "9"]
[EventCountry "TUR"]
[SourceTitle "CBM 192 Extra"]
[Source "Chessbase"]
[SourceDate "2019.11.06"]
[SourceVersion "1"]
[SourceVersionDate "2019.11.06"]
[SourceQuality "1"]
[WhiteTeam "Montenegro"]
[BlackTeam "Malaysia"]
[WhiteTeamCountry "MNE"]
[BlackTeamCountry "MAS"]

1. e4 c5 2. Nf3 d6 3. d4 cxd4 4. Nxd4 Nf6 5. Nc3 g6 6. Be3 Bg7 7. f3 0-0 8. Qd2 Nc6 9. 0-0-0 d5 10. Qe1 e5 11. Nxc6 bxc6 12. exd5 Nxd5 13. Bc4 Be6 14. h4 Rb8 15. Ne4 Qc7 16. Bc5 Rfd8 17. Bb3 h5 18. Kb1 Kh8 19. Ng5 Nf4 20. Bxe6 Nxe6 21. Nxe6 fxe6 22. Qe4 Rd5 23. Be3 Qa5 24. Bc1 Kh7 25. g4 Rb4 26. c4 Qd8 27. gxh5 Rxd1 28. Qxg6+ Kg8 29. Rxd1 Qxd1 30. Qxe6+ Kf8 31. h6 Bxh6 32. Qxh6+ Kf7 33. Qh5+ Ke6 34. Qe8+ Kf6 35. Qf8+ 1-0

[Event "Penang Mini op 2nd"]
[Site "Penang"]
[Date "2019.06.06"]
[Round "4"]
[White "Lee, Care Greene"]
[Black "Wang, Zideng"]
[Result "0-1"]
[WhiteElo "1756"]
[BlackElo "2015"]
[PlyCount "78"]
[EventDate "2019.06.05"]
[EventType "swiss"]
[EventRounds "9"]
[EventCountry "MAS"]
[SourceTitle "CBM 190 Extra"]
[Source "ChessBase"]
[SourceDate "2019.07.15"]
[SourceVersion "1"]
[SourceVersionDate "2019.07.15"]
[SourceQuality "1"]

1. e4 c5 2. Nf3 e6 3. d4 cxd4 4. Nxd4 Nc6 5. Nc3 Qc7 6. Be3 a6 7. Qf3 Nf6 8. 0-0-0 Bb4 9. Bf4 e5 10. Nxc6 dxc6 11. Bg5 Bg4 12. Qg3 Bxd1 13. Bxf6 gxf6 14. Nxd1 0-0-0 15. Bc4 Qd7 16. a3 Bd2+ 17. Kb1 Bf4 18. Qg7 Rhg8 19. Qxf6 Rxg2 20. h4 Rg6 21. Qxf7 Qxf7 22. Bxf7 Rgd6 23. Nc3 Bd2 24. f3 Bxc3 25. bxc3 Rd1+ 26. Rxd1 Rxd1+ 27. Kb2 Rh1 28. h5 Kd7 29. Bc4 Rxh5 30. Kc1 Rh2 31. Kd1 h5 32. Bd3 h4 33. Ke1 h3 34. Kf1 Rg2 35. a4 Rg7 36. f4 h2 37. fxe5 h1Q+ 38. Kf2 Qg1+ 39. Ke2 Rg2+ 0-1

[Event "Johor op 5th"]
[Site "Johor"]
[Date "2018.12.10"]
[Round "1"]
[White "Lee, Care Greene"]
[Black "Singgih, Diajeng Theresa"]
[Result "1-0"]
[WhiteElo "1596"]
[BlackElo "2074"]
[PlyCount "63"]
[EventDate "2018.12.10"]
[EventType "swiss"]
[EventRounds "9"]
[EventCountry "MAS"]
[SourceTitle "CBM 187 Extra"]
[Source "ChessBase"]
[SourceDate "2018.11.04"]
[SourceVersion "1"]
[SourceVersionDate "2018.11.04"]
[SourceQuality "1"]

1. e4 e5 2. Nf3 Nc6 3. Bb5 a6 4. Ba4 Nf6 5. 0-0 b5 6. Bb3 Bc5 7. c3 d6 8. a4 Bb7 9. d3 h6 10. h3 0-0 11. Re1 Re8 12. axb5 axb5 13. Rxa8 Bxa8 14. Ba2 b4 15. d4 exd4 16. cxd4 Bb6 17. Qd3 d5 18. e5 Ne4 19. Nbd2 Na5 20. Nxe4 dxe4 21. Rxe4 Bxe4 22. Qxe4 Qa8 23. Qf5 b3 24. Bb1 g6 25. Qf4 Bxd4 26. Nxd4 c5 27. Nf3 Qc6 28. Qxh6 Rd8 29. Bg5 Rd1+ 30. Kh2 f5 31. Bf6 Kf7 32. Ng5+ 1-0

[Event "Penang Mini op1st"]
[Site "Penang"]
[Date "2018.06.15"]
[Round "5"]
[White "Lim, Kian Hwa"]
[Black "Lee, Care Greene"]
[Result "1-0"]
[WhiteElo "1709"]
[BlackElo "1590"]
[PlyCount "111"]
[EventDate "2018.06.13"]
[EventType "swiss"]
[EventRounds "9"]
[EventCountry "MAS"]
[SourceTitle "CBM 184 Extra"]
[Source "ChessBase"]
[SourceDate "2018.06.28"]
[SourceVersion "1"]
[SourceVersionDate "2018.06.28"]
[SourceQuality "1"]

1. e4 c5 2. Nc3 Nc6 3. g3 g6 4. Bg2 Bg7 5. d3 d6 6. Be3 e5 7. Qd2 Nge7 8. Bh6 Bxh6 9. Qxh6 Nd4 10. Qd2 Be6 11. Nd1 Qb6 12. c3 Ndc6 13. Ne3 Qa6 14. Ne2 b5 15. 0-0 0-0-0 16. Nd5 Bxd5 17. exd5 Nb8 18. Qc2 Kd7 19. a4 b4 20. a5 Ke8 21. cxb4 cxb4 22. Qc4 Kf8 23. Qxb4 Qxd3 24. Nc3 Kg7 25. Rfd1 Qf5 26. Qb7 Rd7 27. Qb4 Na6 28. Qc4 Nc5 29. b4 Nb7 30. Qh4 g5 31. Qe4 Rc8 32. Qxf5 Nxf5 33. Ne4 Rc4 34. a6 Nd8 35. b5 Rb4 36. Rdb1 Rxb1+ 37. Rxb1 Ne7 38. b6 axb6 39. Rxb6 Nc8 40. Rb8 Ne7 41. Bh3 f5 42. Nxg5 Kg6 43. Ne6 Nxe6 44. Rb7 Nc5 45. a7 Rxb7 46. a8Q Kg7 47. Qd8 Rd7 48. Qe8 Nxd5 49. Bxf5 Nf6 50. Qb8 Rb7 51. Qxd6 Ncd7 52. g4 Nf8 53. Qxe5 Kf7 54. g5 N8d7 55. Bxd7 Rb1+ 56. Kg2 1-0

[Event "Wch U10"]
[Site "Batumi"]
[Date "2016.10.24"]
[Round "6"]
[White "Lee, Care Greene"]
[Black "Spizharny, Mikhail"]
[Result "0-1"]
[WhiteElo "1549"]
[BlackElo "1760"]
[PlyCount "113"]
[EventDate "2016.10.19"]
[EventType "swiss"]
[EventRounds "11"]
[EventCountry "GEO"]
[SourceTitle "CBM 175 Extra"]
[Source "ChessBase"]
[SourceDate "2016.12.12"]
[SourceVersion "1"]
[SourceVersionDate "2016.12.12"]
[SourceQuality "1"]

1. e4 c5 2. Nf3 e6 3. g3 Nc6 4. Bg2 Nf6 5. Qe2 d5 6. exd5 Nxd5 7. 0-0 Be7 8. Rd1 Bf6 9. c3 0-0 10. Na3 Re8 11. Nc2 e5 12. d3 a5 13. a4 b6 14. Ne3 Be6 15. Nxd5 Bxd5 16. Nd2 Bxg2 17. Kxg2 Be7 18. Nf3 Bf8 19. Be3 Qd5 20. Kg1 f5 21. Ne1 Rad8 22. Qf3 Qe6 23. Ng2 Rd7 24. Ne1 h6 25. h4 g6 26. Kg2 Red8 27. Kg1 Bg7 28. Kg2 Ne7 29. Qe2 Rd6 30. Rd2 Kh7 31. Rc2 Qd7 32. f3 Nd5 33. Bf2 Qc6 34. Kg1 Nc7 35. Kf1 Ne6 36. Kg1 Bf6 37. Kh2 g5 38. h5 Qe8 39. g4 Nf4 40. Qe3 Nxd3 41. Nxd3 Rxd3 42. Qe2 Qc6 43. Be3 f4 44. Bf2 Rxf3 45. Rd2 Rxd2 46. Qxd2 e4 47. Qe2 Rd3 48. Qc2 c4 49. Rd1 Qd5 50. Rxd3 cxd3 51. Qd1 e3 52. Bg1 e2 53. Qd2 Qf3 54. Bxb6 Qg3+ 55. Kh1 e1Q+ 56. Qxe1 Qxe1+ 57. Bg1 0-1

[Event "Wch U10"]
[Site "Batumi"]
[Date "2016.10.20"]
[Round "2"]
[White "Lee, Care Greene"]
[Black "Alimbetov, Dias"]
[Result "0-1"]
[WhiteElo "1549"]
[BlackElo "1818"]
[PlyCount "26"]
[EventDate "2016.10.19"]
[EventType "swiss"]
[EventRounds "11"]
[EventCountry "GEO"]
[SourceTitle "CBM 175 Extra"]
[Source "ChessBase"]
[SourceDate "2016.12.12"]
[SourceVersion "1"]
[SourceVersionDate "2016.12.12"]
[SourceQuality "1"]

1. e4 e5 2. Nf3 Nc6 3. Bb5 a6 4. Ba4 Nge7 5. c3 g6 6. d4 exd4 7. cxd4 b5 8. Bc2 d5 9. e5 Bg7 10. h3 0-0 11. 0-0 f6 12. Re1 Bf5 13. Nc3 Kh8 0-1